[Event "Muensterland Verbandsklasse-B 0910"]
[Site "Germany"]
[Date "2009.10.24"]
[Round "2.4"]
[White "Luetkehermoelle, Martin"]
[Black "Kohkemper, Volkmar"]
[Result "1/2-1/2"]
[WhiteElo "1926"]
[BlackElo "1795"]
[PlyCount "108"]
[EventDate "2009.09.19"]
[EventType "team-tourn"]
[EventRounds "9"]
[EventCountry "GER"]
[SourceTitle "EXT 2011"]
[Source "ChessBase"]
[SourceDate "2010.11.26"]
[SourceVersion "1"]
[SourceVersionDate "2010.11.26"]
[SourceQuality "1"]
[WhiteTeam "Ochtrup"]
[BlackTeam "Beelen"]
[WhiteTeamCountry "GER"]
[BlackTeamCountry "GER"]

1. e4 e5 2. Nc3 Nf6 3. Nf3 Nc6 4. d4 exd4 5. Nd5 Nxd5 6. exd5 Nb4 7. Nxd4 Nxd5 8. Nf5 Ne7 9. Qe2 d5 10. Ng3 g6 11. Bg5 Bg7 12. 0-0-0 Be6 13. Ne4 c6 14. Bf6 Bxf6 15. Nxf6+ Kf8 16. h4 Nf5 17. Ne4 Qa5 18. Ng5 Re8 19. Qe5 Ng7 20. Qd6+ Kg8 21. a3 h6 22. Nxe6 Rxe6 23. Qb8+ Kh7 24. Qxb7 Rf6 25. f3 Re8 26. Bd3 Qb6 27. Qxb6 axb6 28. h5 Nf5 29. hxg6+ fxg6 30. Rde1 Rfe6 31. Rxe6 Rxe6 32. Kd2 Kg7 33. c3 Nd6 34. Rh4 g5 35. Ra4 b5 36. Ra7+ Kf6 37. b3 Ke5 38. Rc7 Nf5 39. Rf7 Nd6 40. Rf8 d4 41. a4 dxc3+ 42. Kxc3 bxa4 43. bxa4 Re8 44. Rxe8+ Nxe8 45. Be4 Kd6 46. g3 Kc5 47. f4 Nd6 48. Bd3 gxf4 49. gxf4 h5 50. a5 h4 51. Bf1 Nf5 52. Bh3 Ne3 53. Kd3 Nd5 54. Ke4 Nxf4 1/2-1/2

[Event "Muenster Bezirksliga 0607"]
[Site "Germany"]
[Date "2006.09.16"]
[Round "1.27"]
[White "Kohkemper, Volkmar"]
[Black "Schmidt, Ralf"]
[Result "1/2-1/2"]
[WhiteElo "1765"]
[BlackElo "1499"]
[PlyCount "62"]
[EventDate "2006.09.16"]
[EventType "team"]
[EventRounds "9"]
[EventCountry "GER"]
[SourceTitle "EXT 2008"]
[Source "ChessBase"]
[SourceDate "2007.11.25"]
[SourceVersion "1"]
[SourceVersionDate "2007.11.25"]
[SourceQuality "1"]
[WhiteTeam "Beelen"]
[BlackTeam "Nienberge II"]
[WhiteTeamCountry "GER"]
[BlackTeamCountry "GER"]

1. d4 e6 2. c4 f5 3. Nc3 Nf6 4. Bg5 c6 5. e4 fxe4 6. f3 Be7 7. fxe4 0-0 8. Bd3 d5 9. e5 dxc4 10. exf6 Bxf6 11. Bxh7+ Kxh7 12. Qh5+ Kg8 13. Nf3 Qe8 14. Qh4 e5 15. dxe5 Bxe5 16. 0-0-0 Bxc3 17. Qxc4+ Qf7 18. Qxf7+ Rxf7 19. bxc3 Be6 20. a3 Na6 21. Be3 Nc7 22. Ng5 Re7 23. Bd4 Bd5 24. Rhe1 Rae8 25. Rxe7 Rxe7 26. Bxa7 Nb5 27. Bc5 Re5 28. c4 Rxg5 29. cxd5 Nc3 30. Rd3 Nxd5 31. g3 Rf5 1/2-1/2